Statystyki dla Czy znasz homonimy?

Kliknij tutaj aby rozwiązać quiz!

Ogólne statystyki

  • Ten quiz został rozwiązany 370 razy
  • Średni wynik to 19 z 23

Statystyki odpowiedzi

OpisySłowo% Poprawnych
Nazwa naszej planety, ale też po tym chodzimyZiemia
98%
W szkole służy do ścierania ołówka, albo używana do włosówGumka
97%
Może być w spodniach, królewski lub w drzwiachZamek
97%
Miejsce zabaw dzieci lub budowyPlac
96%
Duża budowla mieszkalna, ale też rysunkowyBlok
95%
Pływają w nim ryby, jest też kolanowyStaw
95%
Samiec krowy, może być też szkolnym błędemByk
94%
Ptaki w nim latają często, oraz może być wiolinowyKlucz
94%
Znajduje się w domu, panuje kiedy nie ma wojnyPokój
94%
Ptaki miejskie, ale też rodzaj potrawyGołąb
92%
Rzeka w Polsce, ale też chorobaOdra
92%
Nazwa owocu, oraz ślad po pocałunkuMalinka
89%
Komputerowa, ale też przysmak kotaMysz
87%
W samochodzie, lub przed domem do butówWycieraczka
87%
Może być badawcza, lub radiowaStacja
85%
Zabawka dla dzieci która się obraca, ale też owadBąk
82%
Może być wodna, ale też składać się z dwóch osóbPara
75%
Inaczej kultura starożytna, ale też zabytek z przeszłościAntyk
67%
Jest to taniec, ale też marka samochoduPolonez
64%
Mięsny, ale też kłamstStek
61%
Imię dla mężczyzny, ale też nazwa zwierzęciaDaniel
54%
Broń w wojsku, ale też w kuchni do ziółMoździerz
48%
W cukierni, ale też i na drzewiePączki
25%

Rozkład punktacji

Percentyl według liczby udzielonych odpowiedzi

Procent ludzi z każdym wynikiem

Twoja historia wyników

Nie rozwiązałeś tego quizu